000 00593nam a2200253Ia 4500
003 OSt
005 20220912151940.0
006 a|||||r|||| 00| 0
007 ta
008 220909b |||||||| |||| 00| 0 eng d
024 _a64148
037 _cTextual
040 _aCSL
_beng
_cCSL
041 _aeng
082 _aG:1996, M4
100 _aJames J
245 0 _aHistochemical protein staining mathods
260 _c1984
300 _ap.
_ccm.
650 _aEmbrology
700 _a Tas J
942 _hG:1996, M4
_cTEXL
_2CC
999 _c77739
_d77739